[Event "FRA-chT4 0506"]
[Site "Bretagne"]
[Date "2005.12.09"]
[Round "3"]
[White "Tonal, Jean Jacques"]
[Black "David, Ronan"]
[Result "1/2-1/2"]
[WhiteElo "1610"]
[BlackElo "1650"]
[PlyCount "41"]
[EventDate "2005.10.16"]
[EventType "team"]
[EventRounds "7"]
[EventCountry "FRA"]
[SourceTitle "EXT 2007"]
[Source "ChessBase"]
[SourceDate "2006.11.23"]
[SourceVersion "1"]
[SourceVersionDate "2006.11.23"]
[SourceQuality "1"]

1. f4 d5 2. e3 a6 3. Nf3 Bg4 4. b3 e6 5. Bb2 Nf6 6. Be2 Nc6 7. 0-0 Bc5 8. Ne5 Bxe2 9. Qxe2 Ne7 10. a4 0-0 11. Kh1 c6 12. g4 h6 13. d3 Qc7 14. Nd2 Rad8 15. Rad1 Bd6 16. Ndf3 c5 17. Ng1 Nc6 18. Nxc6 Qxc6 19. Bxf6 gxf6 20. Qf3 e5 21. fxe5 1/2-1/2